| 000 | 01161nam a2200313 a 4500 | ||
|---|---|---|---|
| 001 | 000112537 | ||
| 003 | CHAP | ||
| 005 | 20220329144311.0 | ||
| 008 | 160613s2016 mx sm |||||||spa d | ||
| 010 | _a108998 | ||
| 011 | _a109970 | ||
| 040 | _cCHAP | ||
| 090 | _aTesis | ||
| 100 | 1 |
_aTorres Lamas, Paul _9130887 |
|
| 245 | 1 | 0 |
_aEstrategias para el balance de oferta y demanda del arroz (Orysa Zativa) en México en el período 2005-2014 _h[En línea] _cpor Paul Torres Lamas. |
| 260 |
_aChapingo, Méx. : _bEl autor, _c2016. |
||
| 500 | _aPara ver el contenido del material haga clic en la liga | ||
| 502 | _aTesis (Ing. en Economía Agrícola) -- UACH. División de Ciencias Económico Administrativas | ||
| 590 |
_aE5765TAJ _b05 _c20160613 _lUCH01 _h1112 |
||
| 590 |
_aE5765TAJ _b05 _c20160613 _lUCH01 _h1112 |
||
| 650 | 1 | 4 |
_aArroz _xAspectos económicos. _97562 |
| 650 | 1 | 4 |
_aArroz _xCultivo _xEstudios de factibilidad. _9130888 |
| 650 | 1 | 4 |
_aArroz _xProducción _zMéxico. _9128409 |
| 650 | 1 | 4 |
_aOferta y demanda. _982790 |
| 856 |
_aFinding aid _uhttp://10.13.5.2/tesis/sist112537.pdf _zTeclea aquí |
||
| 901 | _aBK | ||
| 942 | _cTESIS | ||
| 942 | _n0 | ||
| 999 |
_c108998 _d108998 |
||